000 00297nam a2200121Ia 4500
008 190216s9999||||xx |||||||||||||| ||und||
100 _aJanardhanan Pillay .cp
245 0 _aThird Year Bsc Vectors And Mechanics
260 _bAjith Book Center
300 _a124
650 _aPhysics
942 _cBK
999 _c33373
_d33373